[Event "Roncana op-C 12th"]
[Site "Santa Eulalia de Roncana"]
[Date "2018.10.20"]
[Round "3"]
[White "Katz Garcia, Werner"]
[Black "Guerrero Soler, Pol"]
[Result "1-0"]
[WhiteElo "1483"]
[BlackElo "1390"]
[PlyCount "59"]
[EventDate "2018.09.29"]
[EventType "swiss"]
[EventRounds "8"]
[EventCountry "ESP"]
[SourceTitle "EXT 2020"]
[Source "ChessBase"]
[SourceDate "2019.10.17"]
[SourceVersion "1"]
[SourceVersionDate "2019.10.17"]
[SourceQuality "1"]

1. e4 e5 2. Nf3 Nf6 3. Nc3 Nc6 4. Bc4 Bc5 5. Ng5 0-0 6. 0-0 d6 7. b3 h6 8. Nf3 Bg4 9. Bb2 Nd4 10. Be2 Nh5 11. Nxd4 Bxe2 12. Ndxe2 Qh4 13. h3 f5 14. Ng3 Qxg3 15. Qxh5 fxe4 16. Nxe4 Qf4 17. Nxc5 dxc5 18. Qxe5 Qxe5 19. Bxe5 Rad8 20. Bxc7 Rxd2 21. Rac1 Rd7 22. Be5 Re7 23. Bd6 Ref7 24. Bxf8 Rxf8 25. c3 Rc8 26. b4 b5 27. Rb1 a6 28. Rfc1 a5 29. Rc2 axb4 30. c4 1-0